Ser y sentido: Hacia una fenomenología transcendental - hermenéutica
Bewaard in:
| Hoofdauteur: | |
|---|---|
| Formaat: | Boek |
| Taal: | Undetermined |
| Gepubliceerd in: |
Bogotá, Colombia
Taller San Pablo
1995
|
| Onderwerpen: | |
| Tags: |
Voeg label toe
Geen labels, Wees de eerste die dit record labelt!
|
MARC
| LEADER | 00000nam a2200000Ia 4500 | ||
|---|---|---|---|
| 008 | 170316s9999 xx 000 0 und d | ||
| 090 | |a 100 V-3.1s | ||
| 100 | |a Vargas Guillén, Germán; Reeder, Harry P. | ||
| 245 | |a Ser y sentido: Hacia una fenomenología transcendental - hermenéutica | ||
| 260 | |a Bogotá, Colombia | ||
| 260 | |b Taller San Pablo | ||
| 260 | |c 1995 | ||
| 300 | |a 302 páginas | ||
| 650 | |a FILOSOFÍA | ||
| 650 | |a FENOMENOLOGÍA | ||
| 650 | |a HERMENÉUTICA | ||
| 650 | |a EL LENGUAJE | ||
| 650 | |a LENGUAJE | ||
| 650 | |a COMUNICACIÓN TRANSCULTURAL | ||
| 650 | |a EL SENTIDO | ||
| 999 | |c 17882 |d 17882 | ||
| 040 | |a cru BVZT | ||
| 942 | |c 15 D |h 100 V-3.1s |2 z | ||
